• 首页
  • 本馆介绍
  • 公告通知
  • 最新文献
  • 馆藏检索
  • 电子资源
  • 读者导购
  • 参考咨询
  • 我的图书馆
  • 登录
  • 详细信息显示
  • 放入我的书架
  • 预约/预借图书
  • 作者相关作品
  • 分类相关作品
  • 丛书相关作品
  • 出版社相关作品

书目信息

  • 表格格式
  • 工作单格式
  • 卡片格式
题名:
三国志名篇解读
    
 
作者: 田志勇 主编
分册:  
出版信息: 北京   华文出版社  2004.01
页数: 376页
开本: 20cm
丛书名:
单 册:
中图分类: K236.042
科图分类:
主题词: 中国--古代史--封建社会
电子资源:
ISBN: 7-5075-1564-8
000 00564nam0 2200193 450
001 0633277085
005 20060606085305.80
010    @a7-5075-1564-8@dCNY22.50
100    @a20060522d2004 km y0chiy0120 ea
101 0  @achi
102    @aCN@b110000
200 1  @a三国志名篇解读@Asan guo zhi ming pian jie du@f田志勇主编@Ftian zhi yong zhu bian
210    @a北京@c华文出版社@d2004.01
215    @a376页@d20cm
606 0  @a中国@x古代史@x封建社会
690    @aK236.042@v4
701  0 @a田志勇@Atian zhi yong@4主编
801  0 @aCN@bPFT@c20060606
905    @aBZT@dK236.042@e1
    
    三国志名篇解读/田志勇主编.-北京:华文出版社,2004.01
    376页;20cm
    
    
    ISBN 7-5075-1564-8:CNY22.50
    
●
相关链接 在五车中查询图书 在当当中查询图书 在豆瓣中查询图书


正题名:三国志名篇解读     索取号:K236.042/1         预约/预借

序号 登录号 条形码 馆藏地/架位号 状态 备注
1 444605   230001755   中心书库南/021架A面3层4列/ [索取号:K236.042/1] 在馆    
2 444606   230001756   中心书库南/021架A面3层4列/ [索取号:K236.042/1] 在馆    
3 444607   230001757   中心书库南/021架A面3层4列/ [索取号:K236.042/1] 在馆    
4 444608   230001758   中心书库南/021架A面3层4列/ [索取号:K236.042/1] 在馆    
5 444609   230001759   中心书库南/021架A面3层4列/ [索取号:K236.042/1] 在馆    
山东省滨州职业学院图书馆 欢迎您!
大连网信软件有限公司© 版权所有